| 000 | 00666nam a22002417a 4500 | ||
|---|---|---|---|
| 001 | 96222 | ||
| 003 | UA-OsUOA | ||
| 005 | 20220209231303.0 | ||
| 007 | ta | ||
| 008 | 20130318b un ||||| |||| 00| 0 ukr d | ||
| 040 |
_aUA-OsUOA _brus _cUA-OsUOA _dUA-OsUOA |
||
| 041 | _arus | ||
| 044 | _aRU | ||
| 080 | _a821.161.1 | ||
| 090 |
_a821.161.1 _bК64 |
||
| 100 | _aКоновалов Г. | ||
| 245 |
_aБлагодарение. Предел _bроманы |
||
| 260 |
_aМосква _bСоветский писатель _c1986 |
||
| 300 | _a560 с. | ||
| 650 | 7 |
_a82 Література. Літературознавство _2UDC |
|
| 942 |
_cBK _2udc |
||
| 955 | _a0 | ||
| 999 |
_c382471 _d382471 |
||